000 00264 a2200085 4500
245 0 0 _aUrządzenia elektryczne -- Tablice i znaki bezpieczeństwa - PN-88/E-08501 /
_cKT72.
246 1 3 _aPN-88/E-08501
260 _aWarszawa :
_bKT72,
_c1988.
300 _a6 stron ;
_c30 cm.
650 _aPolska norma
999 _c21173
_d21173